| 000 | 00758nam a2200181Ia 4500 | ||
|---|---|---|---|
| 008 | 090630s9999 xx 000 0 und d | ||
| 082 | _b21732 | ||
| 100 | _aजेम्स हॅडली चेस अनु. देखणे मनोहर. | ||
| 245 |
_aटेरर. _cजेम्स हॅडली चेस अनु. देखणे मनोहर. |
||
| 260 |
_bप्राजक्ता - पुणे. _c2001 |
||
| 300 | _a144 | ||
| 600 | _aजेम्स हॅडली चेस अनु. देखणे मनोहर. | ||
| 630 | _aटेरर. | ||
| 655 | _aलघुकथा. | ||
| 700 | _aजेम्स हॅडली चेस अनु. देखणे मनोहर. | ||
| 730 | _aटेरर. | ||
| 942 | _cBOOK | ||
| 999 |
_c273588 _d273588 |
||